000 00785nam a22002297a 4500
005 20151016113917.0
010 _aENG-113664
020 _a9788189430597
_c250.00
035 _aEN-97196
037 _bDBAD/PUB
082 _a891.5
100 _aYogananda, Paramhansa
245 _aThe Rubaiyat of Omar Khayyam explained /
_cby Paramhansa Yogananda ; ; edited, with occasional comments, by Swami Kriyananda (J. Donald Walters).
260 _aGurgaon
_bAnanda Sangha Publications
_c2008
270 _bGurgaon
_aB-10/8, DLF Phase- I
300 _axxiii,376p.
_c23cm(pbk)
500 _a "Based on the first translation by Edward FitzGerald."
600 _a Omar Khayyam
700 _aKriyananda, Swami
700 _aOmar Khayyam
942 _2ddc
_cEN
_mYOG
_h891.5
999 _c95233
_d95233